Mission between the times : (Record no. 2305)
[ view plain ]
| 000 -LEADER | |
|---|---|
| fixed length control field | 00902cam a2200301 a 4500 |
| 001 - CONTROL NUMBER | |
| control field | 10402 |
| 003 - CONTROL NUMBER IDENTIFIER | |
| control field | GBCCL |
| 005 - DATE AND TIME OF LATEST TRANSACTION | |
| control field | 20241126110426.0 |
| 008 - FIXED-LENGTH DATA ELEMENTS--GENERAL INFORMATION | |
| fixed length control field | 850419s1985 miu b 00010 eng |
| 010 ## - | |
| -- | 85010130 //r85 |
| 020 ## - INTERNATIONAL STANDARD BOOK NUMBER | |
| International Standard Book Number | 0802800572 (pbk.) : |
| Terms of availability | $10.95 |
| 035 ## - SYSTEM CONTROL NUMBER | |
| System control number | OCM12081980 |
| 040 ## - CATALOGING SOURCE | |
| Original cataloging agency | DLC |
| Transcribing agency | DLC |
| Modifying agency | m/c |
| -- | LBB |
| 043 ## - | |
| -- | cl----- |
| 049 ## - | |
| -- | LBBK |
| 050 0# - | |
| -- | BV601.8 |
| -- | .R46 1985 |
| 082 0# - DEWEY DECIMAL CLASSIFICATION NUMBER | |
| Classification number | 266.001 |
| Edition information | 19 |
| Item number | PAD |
| 092 ## - LOCALLY ASSIGNED DEWEY CALL NUMBER (OCLC) | |
| Classification number | 266.001 |
| Item number | P123 |
| 100 10 - MAIN ENTRY--PERSONAL NAME | |
| Personal name | Padilla, C. Rene. |
| 9 (RLIN) | 15461 |
| 245 10 - TITLE STATEMENT | |
| Title | Mission between the times : |
| Remainder of title | essays / |
| Statement of responsibility, etc. | by C. Ren�e Padilla. |
| 260 0# - PUBLICATION, DISTRIBUTION, ETC. | |
| Place of publication, distribution, etc. | Grand Rapids, Mich. : |
| Name of publisher, distributor, etc. | William B. Eerdmans Pub. Co., |
| Date of publication, distribution, etc. | c1985. |
| 300 ## - PHYSICAL DESCRIPTION | |
| Extent | xi, 199 p. ; |
| Dimensions | 21 cm. |
| 504 ## - BIBLIOGRAPHY, ETC. NOTE | |
| Bibliography, etc. note | Includes bibliographical references. |
| 650 #0 - SUBJECT ADDED ENTRY--TOPICAL TERM | |
| Topical term or geographic name entry element | Mission of the church. |
| 9 (RLIN) | 50 |
| 650 #0 - SUBJECT ADDED ENTRY--TOPICAL TERM | |
| Topical term or geographic name entry element | Evangelistic work. |
| 9 (RLIN) | 290 |
| 650 #0 - SUBJECT ADDED ENTRY--TOPICAL TERM | |
| Topical term or geographic name entry element | Christianity |
| Geographic subdivision | Latin America. |
| 9 (RLIN) | 4770 |
| 942 ## - ADDED ENTRY ELEMENTS (KOHA) | |
| Source of classification or shelving scheme | Dewey Decimal Classification |
| Koha item type | Books |
| Koha issues (borrowed), all copies | 2 |
| Withdrawn status | Lost status | Source of classification or shelving scheme | Damaged status | Not for loan | Home library | Current Library | Shelving location | Date acquired | Total checkouts | Full call number | Barcode | Date last seen | Date last checked out | Copy number | Price effective from | Koha item type |
|---|---|---|---|---|---|---|---|---|---|---|---|---|---|---|---|---|
| Dewey Decimal Classification | GRACE BIBLE COLLEGE | GRACE BIBLE COLLEGE | Ministry & Mission | 2017-07-31 | 4 | 266.001 PAD | 014465 | 2026-02-02 | 2026-01-27 | c.1 | 2017-07-31 | Books |